000 00416nam a2200181Ia 4500
008 090122s9999 xx 000 0 und d
082 _b12763
100 _aOctopus
_bIndia
_cPub
245 _aTell me Why?
260 _bOctopus
_c2004
300 _a207
501 _a"Rohit Book Centre, Kalyan"
600 _aOctopus
630 _aTell me Why?
700 _aOctopus
730 _aTell me Why?
942 _cBOOK
999 _c36840
_d36840